Statistics for 陸上自衛隊の駐屯地一覧

Click here to take the quiz!

General Stats

  • This quiz has been taken 47 times
  • The average score is 26 of 135

Answer Stats

方面区警備地区駐屯地名% Correct
北部方面区第2警備地区旭川駐屯地
68%
東北方面区第9警備地区青森駐屯地
63%
東北方面区第6警備地区仙台駐屯地
63%
北部方面区第5警備地区釧路駐屯地
55%
東北方面区第9警備地区秋田駐屯地
53%
西部方面区第15警備地区那覇駐屯地
50%
北部方面区第5警備地区帯広駐屯地
50%
北部方面区第11警備地区函館駐屯地
50%
東北方面区第9警備地区盛岡駐屯地
50%
西部方面区第4警備地区福岡駐屯地
47%
東北方面区第6警備地区郡山駐屯地
45%
西部方面区第15警備地区石垣駐屯地
45%
西部方面区第8警備地区熊本駐屯地
45%
東北方面区第6警備地区福島駐屯地
45%
東北方面区第9警備地区弘前駐屯地
42%
中部方面区第3警備地区守山駐屯地
42%
東部方面区第1警備地区市ヶ谷駐屯地
42%
東北方面区第9警備地区八戸駐屯地
42%
東部方面区第1警備地区富士駐屯地
39%
中部方面区第3警備地区富山駐屯地
39%
中部方面区第3警備地区岐阜駐屯地
39%
北部方面区第2警備地区名寄駐屯地
37%
東部方面区第1警備地区朝霞駐屯地
37%
西部方面区第4警備地区春日駐屯地
37%
中部方面区第3警備地区金沢駐屯地
37%
東部方面区第12警備地区宇都宮駐屯地
37%
北部方面区第11警備地区真駒内駐屯地
34%
西部方面区第4警備地区久留米駐屯地
34%
東部方面区第1警備地区横浜駐屯地
34%
西部方面区第8警備地区奄美駐屯地
34%
東部方面区第1警備地区立川駐屯地
34%
西部方面区第4警備地区小倉駐屯地
34%
中部方面区第14警備地区松山駐屯地
32%
中部方面区第3警備地区大津駐屯地
32%
東部方面区第1警備地区木更津駐屯地
32%
中部方面区第13警備地区山口駐屯地
32%
西部方面区第15警備地区与那国駐屯地
32%
東部方面区第1警備地区習志野駐屯地
29%
中部方面区第13警備地区米子駐屯地
29%
東部方面区第1警備地区練馬駐屯地
29%
中部方面区第3警備地区和歌山駐屯地
29%
北部方面区第2警備地区留萌駐屯地
26%
東部方面区第12警備地区松本駐屯地
26%
中部方面区第14警備地区高知駐屯地
26%
中部方面区第14警備地区徳島駐屯地
26%
北部方面区第11警備地区岩見沢駐屯地
26%
中部方面区第13警備地区出雲駐屯地
26%
西部方面区第4警備地区別府駐屯地
24%
中部方面区第3警備地区豊川駐屯地
24%
西部方面区第15警備地区宮古島駐屯地
21%
中部方面区第3警備地区福知山駐屯地
21%
東部方面区第1警備地区大宮駐屯地
21%
東部方面区第1警備地区松戸駐屯地
21%
西部方面区第8警備地区川内駐屯地
18%
西部方面区第8警備地区都城駐屯地
18%
中部方面区第3警備地区鯖江駐屯地
18%
中部方面区第3警備地区八尾駐屯地
16%
中部方面区第3警備地区久居駐屯地
16%
中部方面区第3警備地区伊丹駐屯地
16%
西部方面区第4警備地区大村駐屯地
16%
中部方面区第3警備地区姫路駐屯地
16%
海外拠点-ジブチ共和国自衛隊活動拠点
16%
北部方面区第11警備地区倶知安駐屯地
16%
北部方面区第2警備地区遠軽駐屯地
16%
東部方面区第1警備地区土浦駐屯地
13%
中部方面区第3警備地区春日井駐屯地
13%
北部方面区第5警備地区美幌駐屯地
13%
西部方面区第8警備地区健軍駐屯地
13%
中部方面区第14警備地区善通寺駐屯地
13%
東部方面区第1警備地区座間駐屯地
13%
東部方面区第12警備地区新発田駐屯地
13%
東部方面区第12警備地区高田駐屯地
13%
北部方面区第7警備地区東千歳駐屯地
13%
北部方面区第11警備地区丘珠駐屯地
13%
北部方面区第7警備地区北千歳駐屯地
13%
東北方面区第6警備地区多賀城駐屯地
13%
北部方面区第7警備地区静内駐屯地
13%
西部方面区第4警備地区対馬駐屯地
11%
東部方面区第1警備地区三宿駐屯地
11%
西部方面区第4警備地区飯塚駐屯地
11%
東部方面区第1警備地区目黒駐屯地
11%
西部方面区第8警備地区えびの駐屯地
11%
北部方面区第11警備地区滝川駐屯地
8%
北部方面区第2警備地区上富良野駐屯地
8%
北部方面区第7警備地区北恵庭駐屯地
8%
東部方面区第1警備地区霞ヶ浦駐屯地
8%
北部方面区第7警備地区島松駐屯地
8%
北部方面区第7警備地区南恵庭駐屯地
8%
北部方面区第7警備地区安平駐屯地
8%
西部方面区第8警備地区北熊本駐屯地
8%
中部方面区第3警備地区今津駐屯地
8%
東部方面区第1警備地区用賀駐屯地
8%
中部方面区第3警備地区宇治駐屯地
8%
中部方面区第3警備地区桂駐屯地
8%
中部方面区第3警備地区川西駐屯地
8%
東部方面区第1警備地区十条駐屯地
8%
北部方面区第7警備地区白老駐屯地
8%
中部方面区第3警備地区千僧駐屯地
8%
西部方面区第8警備地区国分駐屯地
5%
西部方面区第4警備地区玖珠駐屯地
5%
西部方面区第4警備地区小郡駐屯地
5%
北部方面区第5警備地区鹿追駐屯地
5%
北部方面区第5警備地区別海駐屯地
5%
西部方面区第4警備地区目達原駐屯地
5%
西部方面区第4警備地区相浦駐屯地
5%
東北方面区第6警備地区神町駐屯地
5%
中部方面区第3警備地区信太山駐屯地
5%
東部方面区第1警備地区北富士駐屯地
5%
中部方面区第13警備地区日本原駐屯地
5%
東北方面区第6警備地区大和駐屯地
5%
北部方面区第11警備地区美唄駐屯地
5%
北部方面区第7警備地区幌別駐屯地
5%
東部方面区第1警備地区小平駐屯地
5%
東部方面区第1警備地区板妻駐屯地
5%
東部方面区第1警備地区武山駐屯地
5%
西部方面区第15警備地区南那覇駐屯地
3%
東部方面区第1警備地区勝田駐屯地
3%
東部方面区第1警備地区古河駐屯地
3%
東部方面区第1警備地区下志津駐屯地
3%
東部方面区第1警備地区東立川駐屯地
3%
東部方面区第1警備地区久里浜駐屯地
3%
中部方面区第13警備地区海田市駐屯地
3%
西部方面区第4警備地区湯布院駐屯地
3%
東部方面区第1警備地区駒門駐屯地
3%
西部方面区第4警備地区竹松駐屯地
3%
東部方面区第12警備地区北宇都宮駐屯地
3%
中部方面区第3警備地区大久保駐屯地
3%
中部方面区第3警備地区青野原駐屯地
3%
中部方面区第3警備地区明野駐屯地
3%
東部方面区第1警備地区滝ヶ原駐屯地
3%
中部方面区第13警備地区三軒屋駐屯地
0%
東部方面区第12警備地区相馬原駐屯地
0%
東部方面区第12警備地区新町駐屯地
0%
西部方面区第4警備地区前川原駐屯地
0%
東北方面区第6警備地区船岡駐屯地
0%

Score Distribution

Percentile by Number Answered

Percent of People with Each Score

Your Score History

You have not taken this quiz